WWE superstars by picture - Statistics

General Stats
  • This quiz has been taken 14,996 times
  • The average score is 18 of 20
Answer Stats
Picture Answer % Correct
Hulk Hogan
99%
Undertaker
99%
John Cena
98%
Batista
95%
Big Show
95%
Dwayne "The Rock" Johnson
95%
Edge
95%
CM Punk
94%
Roman Reigns
93%
Sting
90%
Dean Ambrose
89%
Eddie Guerrero
89%
"Macho Man" Randy Savage
88%
Chris Jericho
87%
Vince McMahon
87%
Matt Hardy
86%
Bret "the Hitman" Hart
81%
Lita
76%
Bruno Sammartino
64%
Diamond Dallas Page
59%
No matching quizzes found
Score Distribution
Percent of People with Each Score
Percentile by Number Answered
Your Score History
You have not taken this quiz